| 000 | 00965nam a2200241 a 4500 | ||
|---|---|---|---|
| 001 | 21451 | ||
| 003 | BD-RjUL | ||
| 005 | 20211209000704.0 | ||
| 008 | 140304s1964 enka 001 e eng | ||
| 035 | _a(BD-RjUL)21515 | ||
| 040 |
_aDLC _cOKentU _dBD-RjUL _beng |
||
| 041 | _aeng | ||
| 082 |
_a824.4 _bBRW 1964 _223 |
||
| 100 | 1 |
_aBrowne, Thomas, _d1605-1682. _955263 |
|
| 245 | 1 | 4 |
_aThe works of Sir Thomas Browne / _cThomas Browne edited by Geoffrey Keynes. |
| 260 |
_aLondon : _bFaber & Gwyer limited, _c1964. |
||
| 300 |
_aV. ; _c23 cm |
||
| 500 | _aIncludes index. | ||
| 505 | 0 | _aVol. 1 Religion Medici. A letter to a friend. Hydrophobia. The garden of Cyrus. Brampton Urns. Christian morals -- v. 2 Pseudomonas epidemics Books -- v. 3 Miscellany tracts. Repertoire Latin writings with translations. Miscellaneous writings -- v. 4 Letters -- | |
| 650 | 0 |
_aEnglish essays _966277 |
|
| 700 | 1 |
_aKeynes, Geoffrey, _d1887-1982, _eed. _955544 |
|
| 942 |
_2ddc _cBK |
||
| 999 |
_c21451 _d21451 |
||